000 00568nam a2200193 4500
001 107313
003 ES-MaACL
005 20230906184403.0
007 t|
008 061121s1968 sp r ||||1| spa d
100 1 _aMorodo, Raúl.
_983633
245 1 0 _aPolítica y partidos en Chile
_b: las elecciones de 1965 /
_cRaúl Morodo.
260 _aMadrid :
_bTaurus,
_c1960 (
_fMaribel)
300 _a87 p. ;
_c18 cm.
490 1 _aCuadernos Taurus ;
_v80
830 0 _aCuadernos Taurus ;
_v80
_9180748
852 _aES-MaACL
_jC-51229
_bR.66604
999 _c107313
_d107313